000 00295nam a2200121Ia 4500
008 241002s9999 xx 000 0 und d
082 _a152.4 SAR
100 _aSartre, Jean Paul
245 4 _aThe Emotions Outline of A Theory
260 _aNew York:
_c1948
600 _aPhilosophy
942 _cUC
999 _c18956
_d18956